[Event "Dortmund op"]
[Site "Dortmund"]
[Date "2006.03.20"]
[Round "7.30"]
[White "Soelbrandt, Robin"]
[Black "Jentzsch, Wilfried Werner"]
[Result "0-1"]
[WhiteElo "1336"]
[BlackElo "1429"]
[PlyCount "32"]
[EventDate "2006.03.06"]
[EventType "swiss"]
[EventRounds "9"]
[EventCountry "GER"]
[SourceTitle "CBM 111 Extra"]
[Source "ChessBase"]
[SourceDate "2006.05.09"]
[SourceVersion "1"]
[SourceVersionDate "2006.05.09"]
[SourceQuality "1"]

1. e4 e6 2. d4 d5 3. e5 c5 4. c3 Qb6 5. Nf3 Nc6 6. Bd3 Bd7 7. Bc2 h6 8. 0-0 0-0-0 9. Na3 f5 10. b3 g5 11. h3 g4 12. hxg4 fxg4 13. Ne1 cxd4 14. cxd4 Nxd4 15. Qxg4 h5 16. Qg3 Ne2+ 0-1